000 00751nam a22002057a 4500
999 _c21563
_d21563
003 AR-CdUCM
008 190312b ||||| |||| 00| 0 spa d
020 _a9786073233408
040 _aMUNICIPALIDAD PROVINCIAL DEL CUSCO
_cBIBLIOTECA MUNICIPAL DEL CUSCO
082 _a339/P26
_bP26
_2decimoprimera
100 _aParkin, Michael
_944603
245 _aMacroeconomía /
_cMichael Parkin, Eduardo Loría
260 _aMéxico :
_bPearson Educación,
_c2015.
300 _a780 páginas. :
_bilustraciones ;
_c27x21 cm.
500 _aTraducción de: Macroeconmics.
_aVersión para Latinoamérica. Texto a dos columnas.
650 _aMacroeconomía
_93976
650 _aMacroeconomía-- -Textos programados
_945366
942 _2ddc
_cLIBROS
945 _aRoel